| 000 | 00353nam a2200145Ia 4500 | ||
|---|---|---|---|
| 008 | 150201s2012 xx 000 0 und d | ||
| 082 |
_a611.314 _bD2012S |
||
| 100 | _aRICHNE.C.SCHEID | ||
| 245 | _aWOELFELS DENTAL ANATOMY | ||
| 250 | _a1ST | ||
| 260 |
_bWOLTER KLUWER _aDELHI _c2012 |
||
| 300 | _a1-504 | ||
| 650 | _aDENTAL ANATOMY | ||
| 942 |
_2ddc _cBK _02 |
||
| 999 |
_c4714 _d4714 |
||